[Event "Wolfsburg op-B"]
[White "Rangosch, Lukas"]
[Black "Scharff, Oskar"]
[Site "Wolfsburg"]
[Round "2"]
[Result "1-0"]
[Date "2024.11.16"]
[WhiteElo "1919"]
[BlackElo "1469"]
[PlyCount "108"]
[EventDate "2024.11.15"]
[EventType "swiss"]
[EventRounds "5"]
[EventCountry "GER"]
[SourceTitle "CB49_2024"]
[SourceDate "2024.12.04"]
[SourceVersion "1"]
[SourceVersionDate "2024.12.04"]
[SourceQuality "1"]

1. e4 e5 2. Nf3 Nc6 3. Bb5 a6 4. Ba4 Nf6 5. 0-0 Be7 6. Re1 b5 7. Bb3 0-0 8. c3 d5 9. exd5 Nxd5 10. Nxe5 Nxe5 11. Rxe5 c6 12. d3 Bd6 13. Re1 Qh4 14. g3 Qh3 15. Re4 Qf5 16. Qf1 Bd7 17. Nd2 Rae8 18. f3 Nf6 19. Rxe8 Rxe8 20. Ne4 Nxe4 21. fxe4 Bc5+ 22. d4 Qxf1+ 23. Kxf1 Bb6 24. e5 c5 25. Be3 cxd4 26. cxd4 Kf8 27. Kf2 f6 28. exf6 gxf6 29. Bh6+ Ke7 30. Re1+ Kd8 31. Rxe8+ Bxe8 32. Ke3 Bg6 33. Bf8 Kd7 34. Bd5 Bf5 35. Bc5 Bc7 36. b4 Be6 37. Bb7 Bxa2 38. Bxa6 Bc4 39. Bb7 f5 40. d5 Bd6 41. Bc6+ Kc7 42. Kd4 Bf1 43. Be8 Be2 44. Bf7 Bg4 45. Bg8 h5 46. Bf7 Kd7 47. Be6+ Kc7 48. Bf7 Kd7 49. Bxd6 Kxd6 50. Bg6 Bf3 51. Bxf5 Bxd5 52. Bg6 Bf3 53. Be8 Be2 54. Ke3 Kd5 1-0